[Event "Quebec-ch U16"]
[Site "Montreal"]
[Date "2015.01.16"]
[Round "1"]
[White "Cyr, Jacob"]
[Black "Li, Yilin"]
[Result "0-1"]
[WhiteElo "1884"]
[BlackElo "1884"]
[PlyCount "46"]
[EventDate "2015.01.16"]
[EventType "swiss"]
[EventRounds "5"]
[EventCountry "CAN"]
[SourceTitle "EXT 2022"]
[Source "ChessBase"]
[SourceDate "2021.10.06"]
[SourceVersion "1"]
[SourceVersionDate "2021.10.06"]
[SourceQuality "1"]

1. e4 c5 2. Nc3 Nc6 3. Nf3 g6 4. Bc4 Bg7 5. Ng5 Ne5 6. 0-0 Nxc4 7. b3 Ne5 8. Bb2 d6 9. f4 Nc6 10. f5 Nf6 11. g3 h6 12. Nf3 gxf5 13. exf5 Bxf5 14. Nh4 Bg4 15. Qe1 Nd4 16. Rc1 Qd7 17. Ne4 Ne2+ 18. Kf2 Nxe4+ 19. Ke3 Bxb2 20. Rb1 Bd4+ 21. Kxe4 d5+ 22. Kd3 Qe6 23. a3 Qe4# 0-1